| 000 | 00818nam a22002415i 4500 | ||
|---|---|---|---|
| 001 | 176043 | ||
| 003 | ES-MaACL | ||
| 005 | 20250813234142.0 | ||
| 007 | t| | ||
| 008 | 101213s1955 sp a r ||||1| spa d | ||
| 080 | _a677.022 | ||
| 100 | 1 |
_aSchuster, Karl. _9104838 |
|
| 245 | 1 | 0 |
_aMaterias primas textiles / _cpor Karl Schuster ; traducción de la primera edición alemana por M. C. Castañera. |
| 250 | _a1ª. ed. | ||
| 260 |
_aBarcelona ; Buenos Aires : _bJosé Montesó, _c1955. |
||
| 300 |
_a255, [11] p. : _bil. bl. y n. ; _c22 cm. |
||
| 490 | 1 |
_aBiblioteca de técnica textil ; _v2 |
|
| 650 | 7 |
_aFibras textiles _2embne _9144266 |
|
| 700 | 1 |
_aCastañera, M. C. _9144267 |
|
| 830 | 0 |
_aBiblioteca de técnica textil ; _v2 _9189915 |
|
| 852 |
_aES-MaACL _jE-13780 _xOlim P-909 |
||
| 999 |
_c176043 _d176043 |
||